|
|
|
|
| LEADER |
00000nam a2200000 4500 |
| 001 |
vtls012077480 |
| 003 |
SK-MaSNL |
| 005 |
20260301150710.0 |
| 008 |
230421s1816 xx a 0 0n0 hun |
| 015 |
|
|
|a SNBHFA1816
|
| 035 |
|
|
|a urn:nbn:sk:snk-am00ibim
|
| 035 |
|
|
|a A7E7B18A-EC73-4B5C-A16E-37701DC008E5
|
| 040 |
|
|
|a SNKHFA
|b slo
|c SNKHFA
|e rda
|
| 041 |
0 |
|
|a hun
|
| 072 |
|
7 |
|a 808
|x Literárny štýl. Literárna činnosť a technika. Efektívne využívanie jazyka. Spisovateľská činnosť
|2 konspekt
|
| 080 |
|
|
|a 808.5-051
|2 2011
|
| 080 |
|
|
|a 808.51:393
|2 2011
|
| 130 |
1 |
|
|a Gyász
|9 315492
|
| 245 |
1 |
0 |
|a Gyász Vers Nemes Kiss Istvány Úr
|b Pesten a' Királyi Magyar Universitásban, a' Józan Tudományok'; 's Böltselkedés' Halgatója' Halálán. Vátzon, 1816-dik Esztendöben Pünkösd Havának 10-dik napján, Életének 19-dik Esztendejében
|
| 264 |
|
3 |
|a [Miesto vydania nie je známe]
|b [Tlačiar nie je známy]
|c 1816
|
| 300 |
|
|
|a 1 nečíslovaný list
|c Folio
|
| 336 |
|
|
|a text
|b txt
|2 rdacontent
|
| 337 |
|
|
|a bez média
|b n
|2 rdamedia
|
| 338 |
|
|
|a zväzok
|b nc
|2 rdacarier
|
| 500 |
|
|
|a Drevorez
|
| 501 |
|
|
|a Príväzok 43. k: TERLANDAI, Ján. Stella in medio nebulae. Wytisstěná w Trnawě : w Impressy Akademické, 1744.
|5 SNK SC 41339/prív.43
|
| 504 |
|
|
|a Titul nad textom
|
| 600 |
1 |
4 |
|a Kiss, István
|9 379439
|
| 650 |
0 |
7 |
|a smútočné prejavy
|2 SNKPH
|9 119256
|
| 655 |
|
7 |
|a príležitostná poézia
|2 SNKPH
|9 86742
|
| 852 |
|
|
|a Slovenská národná knižnica
|b Historické fondy
|
| 852 |
|
|
|a snk
|p SC 41339/prív.43
|
| 958 |
|
|
|a DF
|
| 958 |
|
|
|a ONDV
|
| 999 |
|
|
|c 784331
|d 786261
|
| 952 |
|
|
|a SNK
|b SNK
|c SNK_KF
|y PREZ
|7 0
|p 17A1398542
|o snkSC 41339/prív.43
|i snkF 2433/77
|8 5
|0 0
|1 0
|4 0
|d 2021-11-15
|f 1
|l 0
|r 2026-02-24 01:15:37
|w 2026-02-24
|